Geometry Dash - Tile Select - Statistics

General Stats
  • This quiz has been taken 17 times
  • The average score is 126 of 170
Answer Stats
Question Tile Select % Correct
Which levels are made by Zobros? Bloodbath No
100%
Which levels are made by Zobros? Mechanical Showdown No
100%
Which of these photos portray the level "The Golden" No
93%
Which of these photos portray the level "The Golden" Yes
93%
Which of these photos portray the level "The Golden" No
93%
Which of these photos portray the level "The Golden" No
93%
Which of the levels are Medium Demons? B Yes
93%
What level had the SHORTEST time as Top 1 Cataclysm No
93%
Which of these levels are Insane Demons? CraZy No
93%
Which of these levels are Insane Demons? CraZy III Yes
93%
Which levels are made by Zobros? Death Moon No
93%
Which of the levels are Medium Demons? Death Moon No
93%
Which of the levels are Medium Demons? DeCode No
93%
Who verified the former Top 1 "Amethyst" Diamond No
93%
Which levels are made by Zobros? Duelo Maestro No
93%
What level had the SHORTEST time as Top 1 Element 111 Rg No
93%
Which of these levels are Insane Demons? Forest Temple No
93%
Which levels are made by Zobros? Future Funk No
93%
Which levels are made by Zobros? Nine Circles Yes
93%
What levels are still in the Main List (Top 75) of the Demonlist (Pointercrate) Renevant No
93%
What level had the SHORTEST time as Top 1 Tartarus No
93%
What level had the SHORTEST time as Top 1 The Hell zone No
93%
What levels are still in the Main List (Top 75) of the Demonlist (Pointercrate) Thinking Space 2 Yes
93%
What levels are still in the Main List (Top 75) of the Demonlist (Pointercrate) Tidal Wave Yes
93%
What level had the SHORTEST time as Top 1 Tidal Wave No
93%
Who verified the former Top 1 "Amethyst" Trick No
93%
What level had the SHORTEST time as Top 1 Zodiac No
93%
In what update was the UFO added? 1.3 No
87%
How many main levels were in the 1.0 release of Geometry Dash. 8 No
87%
Which of the levels are FORMER Top 1-levels aftermath No
87%
Which of the levels are FORMER Top 1-levels Anathema No
87%
Which of the levels are made/hosted by Riot? Bloodbath Yes
87%
Which of the levels are FORMER Top 1-levels BOOBAWAMBA No
87%
Which of these levels are of Harder-difficulty? Clubstep No
87%
What is the first Insane-difficulty main level? Clutterfunk No
87%
What level had the SHORTEST time as Top 1 demon park No
87%
What is the longest CONSECUTEVILY reigning Top 1 level in Geometry Dash history demon park No
87%
Which of these levels are of Harder-difficulty? Electrodynamix No
87%
Where do you acquire the Green Key? (for the "basement door") Entering the Chamber of Time No
87%
Which of the levels are FORMER Top 1-levels Every End No
87%
Which of these levels are of Harder-difficulty? Fingerdash No
87%
Which player has the MOST stars Gormuck No
87%
Which of these levels are of Harder-difficulty? Hexagon Force No
87%
Which of these levels are Insane Demons? Hypersonic No
87%
What levels are still in the Main List (Top 75) of the Demonlist (Pointercrate) Kenos No
87%
What levels are still in the Main List (Top 75) of the Demonlist (Pointercrate) LIMBO Yes
87%
Which of the levels are Medium Demons? Nine Circles No
87%
Which levels are part of the "Apocalyptic Trilogy" Phobos No
87%
What level had the SHORTEST time as Top 1 Sakupen Circles No
87%
Which creator has the MOST Creator Points Serponge No
87%
Which of the levels are FORMER Top 1-levels Solar Flare No
87%
What is the longest CONSECUTEVILY reigning Top 1 level in Geometry Dash history Sonic Wave No
87%
What levels are still in the Main List (Top 75) of the Demonlist (Pointercrate) Sonic Wave Infinity No
87%
Which of the levels are Medium Demons? Stalemate No
87%
What is the first Insane-difficulty main level? Theory of Everything No
87%
Which of these levels are of Harder-difficulty? Time Machine Yes
87%
Which player has the MOST stars Volplay No
87%
Who verified the former Top 1 "Amethyst" wPopoff Yes
87%
Which creator has the MOST Creator Points ZenthicAlpha No
87%
Who verified the former Top 1 "Amethyst" Zoink No
87%
In what update was the UFO added? 1.6 No
80%
How many main levels feature the Mirror Portal? 2 No
80%
Lastly, when was Geometry Dash released? 2009 No
80%
Lastly, when was Geometry Dash released? 2010 No
80%
Lastly, when was Geometry Dash released? 2012 No
80%
Lastly, when was Geometry Dash released? 2015 No
80%
Lastly, when was Geometry Dash released? 2016 No
80%
Lastly, when was Geometry Dash released? 2017 No
80%
Lastly, when was Geometry Dash released? 2018 No
80%
In what update was the Community Shop added? 2.205 No
80%
How many main levels were in the 1.0 release of Geometry Dash. 5 No
80%
How many main levels feature the Mirror Portal? 6 No
80%
Which of the levels are FORMER Top 1-levels Acheron Yes
80%
What is the longest CONSECUTEVILY reigning Top 1 level in Geometry Dash history Acheron No
80%
Which levels are made by Zobros? Acropolis Yes
80%
Which of the levels are made/hosted by Riot? Artificial Ascent No
80%
Which of these levels are of Harder-difficulty? Blast Processing Yes
80%
Which levels are part of the "Apocalyptic Trilogy" Bloodlust No
80%
Which of the levels are made/hosted by Riot? Bloodlust No
80%
What is the first Insane-difficulty main level? Cycles No
80%
Which of these levels are of Harder-difficulty? Cycles Yes
80%
Which levels are part of the "Apocalyptic Trilogy" Deimos No
80%
What level had the SHORTEST time as Top 1 Firework Yes
80%
Which of these levels are of Harder-difficulty? Geometrical Dominator Yes
80%
Which of the levels are FORMER Top 1-levels LIMBO No
80%
Which player has the MOST stars Michigun No
80%
Which of these levels are Insane Demons? Poltergeist Yes
80%
Which of the levels are made/hosted by Riot? Quanteuse processing No
80%
What was added in the 2.0 update? Random Trigger No
80%
Which of these levels are Insane Demons? Supersonic Yes
80%
Which of the levels are made/hosted by Riot? Tartarus Yes
80%
What is the most downloaded level in Geometry Dash The Nightmare No
80%
What is the first Insane-difficulty main level? xStep Yes
80%
Which of the levels are made/hosted by Riot? Yatagarasu No
80%
What levels are still in the Main List (Top 75) of the Demonlist (Pointercrate) Zodiac No
80%
How many main levels feature the Mirror Portal? 1 No
73%
In what update were custom songs for custom levels added? 1.6 No
73%
In what update were custom songs for custom levels added? 1.8 No
73%
Lastly, when was Geometry Dash released? 2013 Yes
73%
Lastly, when was Geometry Dash released? 2014 No
73%
Which levels are part of the "Apocalyptic Trilogy" Bloodbath Yes
73%
What is the longest CONSECUTEVILY reigning Top 1 level in Geometry Dash history Bloodbath No
73%
Which of the levels are FORMER Top 1-levels Cataclysm Yes
73%
Which levels are part of the "Apocalyptic Trilogy" Crimson Planet No
73%
Which of the levels are FORMER Top 1-levels demon park Yes
73%
What was added in the 2.0 update? Fingerdash No
73%
Which of the levels are FORMER Top 1-levels Flamewall No
73%
What was added in the 2.0 update? Hall of Fame No
73%
Which levels are made by Zobros? Jawbreaker No
73%
Which of the levels are Medium Demons? Lava Temple Yes
73%
Which of the levels are Medium Demons? Mechanical Showdown Yes
73%
Which of the levels are Medium Demons? Nantendo Yes
73%
Which of these levels are part of the "RGB" trilogy? Phobos No
73%
What was added in the 2.0 update? Robot (gamemode) Yes
73%
Which levels are part of the "Apocalyptic Trilogy" Yatagarasu No
73%
Which of these levels are part of the "RGB" trilogy? Yatagarasu Yes
73%
In what update was the Community Shop added? 2.01 No
67%
How many main levels feature the Mirror Portal? 4 No
67%
What was added in the 2.0 update? 4x Speed Portal No
67%
Which of the levels are made/hosted by Riot? Acheron Yes
67%
Which of the levels are FORMER Top 1-levels Black Blizzard No
67%
Which of these levels are of Harder-difficulty? Can't Let Go No
67%
What was added in the 2.0 update? Deadlocked Yes
67%
What levels are still in the Main List (Top 75) of the Demonlist (Pointercrate) Defeated Circles Yes
67%
Which of these levels are Insane Demons? Duelo Maestro Yes
67%
Which of the levels are Medium Demons? -Sirius- Yes
67%
Which player has the MOST stars Smiffy777 Yes
67%
Which of these levels are part of the "RGB" trilogy? Sonic Wave Yes
67%
Which of the levels are FORMER Top 1-levels Sonic Wave Yes
67%
What levels are still in the Main List (Top 75) of the Demonlist (Pointercrate) Tartarus No
67%
Which creator has the MOST Creator Points ViPriN No
67%
Which of the levels are FORMER Top 1-levels Zodiac Yes
67%
In what update were custom songs for custom levels added? 1.7 No
60%
In what update was the Community Shop added? 2.1 No
60%
How many main levels feature the Mirror Portal? 3 No
60%
Which levels are part of the "Apocalyptic Trilogy" Aftermath Yes
60%
Which of the levels are FORMER Top 1-levels Avernus Yes
60%
Which levels are part of the "Apocalyptic Trilogy" Cataclysm Yes
60%
Where do you acquire the Green Key? (for the "basement door") Completing the Chaos Gauntlet No
60%
Which of these levels are part of the "RGB" trilogy? Erebus Yes
60%
Which of the levels are FORMER Top 1-levels Ice Carbon Diablo X Yes
60%
What is the most downloaded level in Geometry Dash Outerspace No
60%
Which of the levels are FORMER Top 1-levels Plasma Pulse Finale Yes
60%
Which of the levels are made/hosted by Riot? Red World Rebirth Yes
60%
Which of the levels are FORMER Top 1-levels Silent clubstep No
60%
Which of these levels are Insane Demons? Stalemate Yes
60%
Which levels are made by Zobros? Ultimate Demon Mix Yes
60%
Where do you acquire the Green Key? (for the "basement door") Unlocking 50 Demon Chests Yes
60%
In what update was the UFO added? 1.4 No
53%
What was added in the 2.0 update? 2-Player Levels No
53%
What was added in the 2.0 update? Death Effects No
53%
What was added in the 2.0 update? Geometrical Dominator Yes
53%
Which of the levels are made/hosted by Riot? Quantum Processing Yes
53%
Which creator has the MOST Creator Points Split72 Yes
53%
In what update was the UFO added? 1.5 Yes
47%
In what update were custom songs for custom levels added? 1.9 Yes
47%
In what update was the Community Shop added? 2.11 Yes
47%
What is the most downloaded level in Geometry Dash Bloodbath Yes
47%
Which of the levels are FORMER Top 1-levels Fexty Yes
47%
Which of the levels are FORMER Top 1-levels The Hell zone Yes
47%
What was added in the 2.0 update? User Coins Yes
47%
How many main levels were in the 1.0 release of Geometry Dash. 6 No
33%
What was added in the 2.0 update? Alpha Trigger Yes
33%
Which of the levels are FORMER Top 1-levels Future demoness Yes
33%
How many main levels were in the 1.0 release of Geometry Dash. 7 Yes
27%
What was added in the 2.0 update? Friend Leaderboards Yes
27%
Which of these levels are Insane Demons? Future Funk II No
27%
What is the longest CONSECUTEVILY reigning Top 1 level in Geometry Dash history Tartarus No
27%
What is the longest CONSECUTEVILY reigning Top 1 level in Geometry Dash history Tidal Wave Yes
20%
How many main levels feature the Mirror Portal? 5 Yes
13%
No matching quizzes found
Score Distribution
Percent of People with Each Score
Percentile by Number Answered
Your Score History
You have not taken this quiz